Countries ending in 'ia' Quiz - Statistics

General Stats
  • This quiz has been taken 6,247 times
    6,224 since last reset
  • The average score is 28 of 38
Answer Stats
Answer % Correct
Australia
89%
Austria
85%
India
84%
Lithuania
83%
Romania
83%
Slovakia
83%
Slovenia
83%
Bulgaria
82%
Indonesia
82%
Latvia
82%
Russia
82%
Algeria
81%
Estonia
80%
Serbia
80%
Albania
78%
Croatia
78%
Namibia
77%
Nigeria
77%
Armenia
76%
Tanzania
76%
Zambia
75%
Malaysia
74%
Somalia
74%
Bolivia
73%
Colombia
72%
Ethiopia
72%
Tunisia
71%
Gambia
70%
Mongolia
70%
Syria
70%
Liberia
69%
Cambodia
68%
Macedonia
68%
Georgia
67%
Saudi Arabia
67%
Mauritania
66%
Micronesia
51%
St. Lucia
39%
No matching quizzes found
Score Distribution
Percent of People with Each Score
Percentile by Number Answered
Your Score History
You have not taken this quiz since the last reset